| 000 | 01596cam a22003977a 4500 | ||
|---|---|---|---|
| 001 | 000009601 | ||
| 003 | CHAP | ||
| 005 | 20241029062658.0 | ||
| 008 | 971013s1993 r 00010 d | ||
| 010 | _a9541 | ||
| 011 | _a10513 | ||
| 035 | _a9750 | ||
| 040 | _cCHAP | ||
| 082 | 0 | 4 |
_a338.763 _bS3 |
| 100 | 0 | 0 |
_aSantoyo Cortés, Vinicio Horacio _ecomp. _9102560 |
| 245 | 1 | 0 | _aAlternativas para el desarrollo agroindustrial. |
| 260 |
_aChapingo, Méx. : _bUACH. Centro de Investigaciones Económicas, Sociales y Tecnológicas de la Agroindustria y de la Agricultura Mundial, _c1993. |
||
| 300 | _a351 p. | ||
| 590 |
_aBATCH-UPD _b10 _c20130110 _lUCH01 _h1644 |
||
| 590 |
_aBATCH-UPD _b10 _c20130410 _lUCH01 _h1035 |
||
| 590 |
_aBATCH-UPD _b10 _c20130914 _lUCH01 _h1636 |
||
| 590 |
_aCONVERSION _b10 _c20130109 _lUCH01 _h1306 |
||
| 590 |
_aE5995AHE _b05 _c20150219 _lUCH01 _h1143 |
||
| 650 | 1 | 4 |
_aIndustrias agrícolas _xInnovaciones tecnológicas. _957952 |
| 650 | 1 | 4 |
_aIndustrias agrícolas _xInvestigación. _957953 |
| 650 | 1 | 4 |
_aIndustrias agrícolas _xMéxico. _957957 |
| 650 | 1 | 4 | _aTratado Trilateral de Libre Comercio. |
| 700 | 1 |
_aMuñoz Rodríguez, Manrrubio _ecomp. _979670 |
|
| 901 | _aBK | ||
| 942 | _cLIBRO | ||
| 942 | _n0 | ||
| 949 |
_a338.763 S3 _bBC _cLIBRO _d33724000418778 _eLIBRO _gI. c/e _h86083 _i9750 _si _t35.00 |
||
| 949 |
_a338.763 S3 _bBC _cLIBRO _d33724000418786 _eLIBRO _fc.2 _gI.c/e _h83265 _i9750 _si _t35.00 |
||
| 949 |
_a338.763 S3 _bBC _cLIBRO _d33724000848313 _eLIBRO _fc.4 _gDonaciØn _h102088 _i9750 _si |
||
| 949 |
_a338.763 S3 _bBC _cUACH _d-20815 _eUACH _fc.3 _gI. c/e _h83266 _i9750 _si _t35.00 |
||
| 999 |
_c9541 _d9541 |
||